Požiadavky na optimálny daňový systém
Prebiehajúce kontraverzie a polemiky vo vedeckej diskusii medzi názormi neokonzervatívcov a keynesiáncov o daňovej teórii. V praxi daňovej politiky sa uplatňuje vhodná kombinácia ako jediná alternatíva. Ponímanie daní v súčasnej finančnej vede. Teoretické požiadavky na fungovanie dobrého daňového sy...
Gespeichert in:
| 1. Verfasser: | |
|---|---|
| Format: | Buchkapitel |
| Sprache: | Slowakisch |
| Schlagworte: | |
| Tags: |
Keine Tags, Fügen Sie das erste Tag hinzu!
|
MARC
| LEADER | 00000naa a2200000 4500 | ||
|---|---|---|---|
| 001 | r033079 | ||
| 005 | 20230911131758.3 | ||
| 041 | 0 | |a slo | |
| 044 | |a SK | ||
| 245 | 1 | 0 | |a Požiadavky na optimálny daňový systém |c Emil Burák |
| 520 | |a Prebiehajúce kontraverzie a polemiky vo vedeckej diskusii medzi názormi neokonzervatívcov a keynesiáncov o daňovej teórii. V praxi daňovej politiky sa uplatňuje vhodná kombinácia ako jediná alternatíva. Ponímanie daní v súčasnej finančnej vede. Teoretické požiadavky na fungovanie dobrého daňového systému. Základné axiómy daňových reforiem. | ||
| 610 | 2 | 0 | |a sústava daňová |
| 610 | 2 | 0 | |a reformy daňové |
| 610 | 2 | 0 | |a veda finančná |
| 610 | 2 | 0 | |a systémy daňové |
| 610 | 2 | 0 | |a Slovensko |
| 100 | 1 | |a Burák, Emil | |